Statistiques concernant Groupes Ligue des Champions 2019-2020

Cliquez ici pour prendre le quiz!

Statistiques générales

  • Ce quiz a été pris 76 fois
  • Le résultat moyen est 25 sur 32

Statistiques - réponses

GroupePlace dans le groupeNoms des équipes% Correct
Groupe A1erPSG
100%
Groupe C1erManchester City
100%
Groupe A2èmeReal Madrid
100%
Groupe D1erJuventus
100%
Groupe E1erLiverpool
100%
Groupe F1erFC Barcelone
99%
Groupe B1erBayern Munich
97%
Groupe D2èmeAtlético Madrid
97%
Groupe F2èmeBorussia Dortmund
97%
Groupe G1erRB Leipzig
94%
Groupe G2èmeOL
93%
Groupe H2èmeChelsea
91%
Groupe H4èmeLille OSC
87%
Groupe F3èmeInter Milan
85%
Groupe C2èmeAtalanta Bergame
84%
Groupe H1erValence
84%
Groupe E2èmeNaples
82%
Groupe H3èmeAjax Amsterdam
81%
Groupe G3èmeBenfica Lisbonne
81%
Groupe B2èmeTottenham
79%
Groupe A3èmeClub Brugge
79%
Groupe A4èmeGalatasaray
76%
Groupe B4èmeEtoile Rouge de Belgrade
75%
Groupe G4èmeZénith Saint-Pétersbourg
60%
Groupe B3èmeOlympiakos
57%
Groupe E3èmeRed Bull Salzbourg
52%
Groupe C4èmeDinamo Zagreb
49%
Groupe F4èmeSlavia Prague
46%
Groupe D4èmeLokomotiv Moscou
43%
Groupe D3èmeBayer Leverkusen
42%
Groupe E4èmeKRC Genk
34%
Groupe C3èmeChakhtar Donestk
34%

Distribution des résultats

Percentile par nombre de réponses

% des personnes avec chaque résultat

Votre développement - résultats

Vous n’avez pas pris ce quiz